000 00614nam a2200241 a 4500
003 AR-BaBNM
005 20251128203156.0
008 082120s2002 ||||||||||||||000 | spa||
040 _cAR-BaBNM
100 1 _aCastro, Guillén de
245 0 0 _aLas mocedades del Cid
260 _aMadrid
_bNacional
_c1968
300 _a170 p.
490 0 _aObras del teatro español
650 4 _aLITERATURA ESPAÑOLA
650 4 _aTEATRO NACIONAL
653 _aSIGLO DE ORO
655 _aLITERATURA
700 1 _aGarcía Nieto, José
_erevisión
700 1 _aHierro, José
_erevisión
942 _cBK
998 _cisola
999 _c2242
_d2242